Ngữ âm và vị học tiếng Anh: Giáo trình thực hành
Giới thiệu các vấn đề về ngữ âm, âm vị trong Tiếng Anh: sự tạo thành âm; phụ âm và nguyên âm; nguyên âm dài, âm đôi, âm ba, âm mạnh và âm yếu; các vấn đề liên quan đến ngữ điệu...Giới thiệu các nghiên cứu khác về ngữ âm, âm vị trong tiếng Anh....
Đã lưu trong:
| Tác giả chính: | |
|---|---|
| Định dạng: | Sách |
| Năm xuất bản: |
H.
Giao thông vận tải
2002
|
| Chủ đề: | |
| Tags: |
Thêm thẻ
Không có thẻ, Hãy là người đầu tiên gắn thẻ bản ghi này!
|
| LEADER | 01472nam a2200229 4500 | ||
|---|---|---|---|
| 999 | |c 4377 |d 4377 | ||
| 082 | |a 421 |b R401CH | ||
| 100 | |a Roach, Peter | ||
| 242 | |a English phonetics and phonology | ||
| 245 | |a Ngữ âm và vị học tiếng Anh: Giáo trình thực hành |c Peter Roach; Xuân Bá biên dịch và chủ giải | ||
| 260 | |a H. |b Giao thông vận tải |c 2002 | ||
| 300 | |a 202 tr. |c 21 cm | ||
| 520 | |a Giới thiệu các vấn đề về ngữ âm, âm vị trong Tiếng Anh: sự tạo thành âm; phụ âm và nguyên âm; nguyên âm dài, âm đôi, âm ba, âm mạnh và âm yếu; các vấn đề liên quan đến ngữ điệu...Giới thiệu các nghiên cứu khác về ngữ âm, âm vị trong tiếng Anh. | ||
| 653 | |a Ngôn ngữ | ||
| 653 | |a Tiếng Anh | ||
| 653 | |a Ngữ âm | ||
| 653 | |a Âm vị | ||
| 942 | |2 ddc |c STK0 | ||
| 952 | |0 0 |1 0 |2 ddc |4 0 |6 421_000000000000000_R401CH |7 0 |8 400 |9 43431 |a qbu |b qbu |c D4 |d 2014-12-19 |g 26000 |o 421 R401CH |p 2773.c1 |r 0000-00-00 |w 2014-12-19 |y STK0 | ||
| 952 | |0 0 |1 0 |2 ddc |4 0 |6 421_000000000000000_R401CH |7 0 |8 400 |9 43432 |a qbu |b qbu |c D4 |d 2014-12-19 |g 26000 |o 421 R401CH |p 2773.c2 |r 0000-00-00 |w 2014-12-19 |y STK0 | ||
| 952 | |0 0 |1 0 |2 ddc |4 0 |6 421_000000000000000_R401CH |7 0 |8 400 |9 43433 |a qbu |b qbu |c D4 |d 2014-12-19 |g 26000 |o 421 R401CH |p 2773.c3 |r 0000-00-00 |w 2014-12-19 |y STK0 | ||
| 952 | |0 0 |1 0 |2 ddc |4 0 |6 421_000000000000000_R401CH |7 0 |8 400 |9 43434 |a qbu |b qbu |c D4 |d 2014-12-19 |g 26000 |o 421 R401CH |p 2773.c4 |r 0000-00-00 |w 2014-12-19 |y STK0 | ||